Intelligent distributed computing (Record no. 4802)

MARC details
000 -LEADER
fixed length control field 01003cam a22003615i 4500
001 - CONTROL NUMBER
control field
003 - CONTROL NUMBER IDENTIFIER
control field OSt
005 - DATE AND TIME OF LATEST TRANSACTION
control field 20220107122804.0
008 - FIXED-LENGTH DATA ELEMENTS--GENERAL INFORMATION
fixed length control field 140826s2014 nyu 000 0 eng
010 ## - LIBRARY OF CONGRESS CONTROL NUMBER
LC control number
020 ## - INTERNATIONAL STANDARD BOOK NUMBER
International Standard Book Number 9783319112268
040 ## - CATALOGING SOURCE
Original cataloging agency
Language of cataloging
Transcribing agency IIITMK
Description conventions
Modifying agency
042 ## - AUTHENTICATION CODE
Authentication code
082 ## - DEWEY DECIMAL CLASSIFICATION NUMBER
Classification number 006.3 BUY/I
100 ## - MAIN ENTRY--PERSONAL NAME
Personal name Buyya, Rajkumar (Ed.)
9 (RLIN) 7615
245 00 - TITLE STATEMENT
Title Intelligent distributed computing
Statement of responsibility, etc. edited by Rajkumar Buyya, Sabu M. Thampi.
250 ## - EDITION STATEMENT
Edition statement
260 ## - PUBLICATION, DISTRIBUTION, ETC.
Place of publication, distribution, etc. Switzerland,
Name of publisher, distributor, etc. Springer,
Date of publication, distribution, etc. 2015.
263 ## - PROJECTED PUBLICATION DATE
Projected publication date
300 ## - PHYSICAL DESCRIPTION
Extent xxi, 300p.
490 0# - SERIES STATEMENT
Series statement Advances in intelligent systems and computing;
Volume/sequential designation 321
650 ## - SUBJECT ADDED ENTRY--TOPICAL TERM
Topical term or geographic name entry element INTELLIGENT COMPUTING
9 (RLIN) 7616
650 ## - SUBJECT ADDED ENTRY--TOPICAL TERM
Topical term or geographic name entry element INTELLIGENT SYSTEMS
9 (RLIN) 7617
650 ## - SUBJECT ADDED ENTRY--TOPICAL TERM
Topical term or geographic name entry element INTELLIGENT INFORMATICS
9 (RLIN) 7618
650 ## - SUBJECT ADDED ENTRY--TOPICAL TERM
Topical term or geographic name entry element ARTIFICIAL INTELLIGENCE
9 (RLIN) 7619
650 ## - SUBJECT ADDED ENTRY--TOPICAL TERM
Topical term or geographic name entry element DISTRIBUTED COMPUTING
9 (RLIN) 7621
650 ## - SUBJECT ADDED ENTRY--TOPICAL TERM
Topical term or geographic name entry element COMPUTATIONAL INTELLIGENCE
9 (RLIN) 7622
700 ## - ADDED ENTRY--PERSONAL NAME
Personal name Thampi, Sabu M. (Ed.)
9 (RLIN) 7620
856 42 - ELECTRONIC LOCATION AND ACCESS
Materials specified
856 41 - ELECTRONIC LOCATION AND ACCESS
Materials specified
942 ## - ADDED ENTRY ELEMENTS (KOHA)
Source of classification or shelving scheme Dewey Decimal Classification
Koha item type Books
Holdings
Withdrawn status Lost status Source of classification or shelving scheme Damaged status Not for loan Collection code Home library Current library Shelving location Date acquired Total Checkouts Full call number Barcode Date last seen Date last checked out Price effective from Koha item type
    Dewey Decimal Classification     Artificial Intelligence/ Computational Intelligence / Cognitive Computing Kerala University of Digital Sciences, Innovation and Technology Knowledge Centre Kerala University of Digital Sciences, Innovation and Technology Knowledge Centre Computer Science 11/09/2015 1 006.3 BUY/I 4224 03/12/2020 28/10/2015 11/09/2015 Books
    Dewey Decimal Classification     Artificial Intelligence/ Computational Intelligence / Cognitive Computing Kerala University of Digital Sciences, Innovation and Technology Knowledge Centre Kerala University of Digital Sciences, Innovation and Technology Knowledge Centre Computer Science 22/03/2025   006.3 BUY/I;1 8463 22/03/2025   22/03/2025 Books